1162 1669 1673 1966 1991 1412 1924 1953 1915 1993 1434 1132 1486 1598 1093 1858 1687 1990 1230 1716 1329 1082 1476 1176 1143 1841 1872 1638 1811 1684 1521 1159 1069 1568 1105 1521 1412 1687 1640 1279 1031 1360 1093 1261 1234 1809 1486 1964 1117 1855 1816 1657 1981 1116 1207 1403 1516 1142 1761 1514 1348 1751 1291 1389 1245 1631 1620 1289 1632 1220 1801 1078 1386 1927 1623 1142 1764 1805 1607 1463 1439 1914 1382 1660 1608 1853 1503 1725 1151 1035 1092 1746 1070 1910 1745 1531 1466 1243 1647 BCNSPRNW ULIB Ver.6.0+V

เปลี่ยนเป็นภาษาไทย

Change to English
 แสดงรายละเอียดบรรณานุกรม
  กลับหน้าหลัก

Brief Record : Get Marc (ISO 2709) : E-mail record : QR code < ปิดหน้าต่าง
LEADER : 00000nam 2200000uu 4500
001    13399123722
003     ULIB
008    141119s2556||||th 000 0 tha d
020    ^a9786169159308
060 04 ^aQZ200^bส852ส
100 0  ^aสุรพล รักปทุม
245 10 ^aสู่มะเร็ง :^bด้วยหลินจือ /^cสุรพล รักปทุม
250    ^aพิมพ์ครั้งแรก.
260    ^aกรุงเทพฯ :^bธนบุรีคลินิกเวชกรรม,^c2556.
300    ^a116 หน้า : ภาพประกอบ ;^c21 ซม.
500    ^aSend to Single Search.
650  4 ^aมะเร็ง^xการรักษา
650  4 ^aสารก่อมะเร็ง
650  2 ^aNeoplasms.
650  2 ^aCarcinoma.
700 0  ^aนพชัย แดงดีเลิศ, บรรณาธิการ
945    ^p120^l0^i21771
945    ^p120^l0^i21772
999    ^aทศพร เกษรทอง
รายการนี้ยังไม่มีแท็ก
คุณยังไม่ได้ล็อกอิน คุณสามารถมีกิจกรรมร่วมกับเว็บไซต์ได้ แต่ต้องล็อกอินก่อน ::
  ล็อกอิน

รายการสื่อสารสนเทศ

ลำดับที่ ประเภท เลขเรียก/บาร์โค้ด สถานที่ สถานะ
1. วิทยาศาสตร์การแพทย์ และสุขภาพ
หนังสือสำรอง
สถานะ=หนังสือสำรอง
QZ200 ส852ส ฉ.1 
  Barcode: 21771
ห้องสมุดวิทยาเขตนครสวรรค์
►หนังสือทั่วไป:l:General Books
บนชั้น
2. วิทยาศาสตร์การแพทย์ และสุขภาพ
วิทยาศาสตร์การแพทย์ และสุขภาพ
QZ200 ส852ส ฉ.2 
  Barcode: 21772
ห้องสมุดวิทยาเขตนครสวรรค์
►หนังสือทั่วไป:l:General Books
บนชั้น

รายการใกล้เคียง
    ผู้แต่ง [สุรพล รักปทุม]

    หัวเรื่อง [มะเร็ง การรักษา]
    หัวเรื่อง [สารก่อมะเร็ง]
    หัวเรื่อง [Neoplasms.]
    หัวเรื่อง [Carcinoma.]

BibComment


ยังไม่เคยถูกคอมเมนท์

คอมเมนท์ทรัพยากรรายการนี้
  คอมเมนท์: สู่มะเร็ง ด้วยห..


 Copyright 2026. Bcnsprnw @Library